| 000 | 00576nam a22002057a 4500 | ||
|---|---|---|---|
| 003 | OSt | ||
| 005 | 20140310182240.0 | ||
| 008 | 130913t xxu||||| |||| 00| 0 eng d | ||
| 020 | _a9780439194044 | ||
| 050 |
_aPZ 7 _b.L3274Mat 2002 |
||
| 082 |
_aFIC _bL33m 2002 |
||
| 100 |
_aLasky, Kathryn _96040 |
||
| 245 |
_aMary queen of scots : _bqueen without a country / _cKathryn Lasky. |
||
| 260 |
_aNew York : _bScholastic, _cc2002. |
||
| 300 |
_a202 p. : _c19 cm. |
||
| 650 |
_aJuvenile _919009 |
||
| 650 |
_a Fiction. _9746 |
||
| 942 |
_2lcc _cBK-FIC |
||
| 999 |
_c11118 _d11118 |
||